| 000 -LEADER |
| fixed length control field |
00415cam a22001337a 4500 |
| 008 - FIXED-LENGTH DATA ELEMENTS--GENERAL INFORMATION |
| fixed length control field |
180718b1959 xxu||||| |||| 00| 0 eng d |
| 082 ## - DEWEY DECIMAL CLASSIFICATION NUMBER |
| Classification number |
V43 W123 |
| 100 ## - MAIN ENTRY--PERSONAL NAME |
| Personal name |
Wagner, Edmund G. |
| 245 ## - TITLE STATEMENT |
| Title |
Water supply for rural areas and small communities |
| Statement of responsibility, etc. |
by Edmund G. Wagner and J.N. Lanoix |
| 260 ## - PUBLICATION, DISTRIBUTION, ETC. |
| Place of publication, distribution, etc. |
Geneva |
| Name of publisher, distributor, etc. |
World Health Organization |
| Date of publication, distribution, etc. |
1959 |
| 300 ## - PHYSICAL DESCRIPTION |
| Extent |
327p. |
| 650 ## - SUBJECT ADDED ENTRY--TOPICAL TERM |
| Topical term or geographic name entry element |
Water-supply, Rural |
| 700 ## - ADDED ENTRY--PERSONAL NAME |
| Personal name |
Lanoix, J.N. |